000
00269nam a22001217a 4500
082
_a
823
_b
ARA/T
100
_a
ARAVINDAKSHAN, V
245
_a
TREASURE ISLAND
260
_a
CALICUT
_b
UNIVERSITY PRESS
_c
1995
300
_a
136
650
_a
ENGLISH STORY
_z
INDIA
942
_c
BK
999
_c
7264
_d
7264